000 01739nam a2200481 i 4500
001 14297
003 KOSZ 005
005 20220419122347.0
008 070719s1972 pl a f 001 0 pol
015 _aPB 1972/7050
035 _a991035173489705066
035 _a(PL-WaBN)b19458605-48omnis_nlop
035 _ab19458605
035 _a(OCoLC)830845250
035 _a(PL)b0000001945860
035 _a(EXLNZ-48OMNIS_NETWORK)9910495993105606
040 _aWA N
_cWA N
_dKOSZ 005/RW
_dKOSZ 005/HR
041 1 _apol
_hfre
046 _k1968
080 _a658.56
100 1 _aLanglois-Berthelot, Richard
_eAutor
245 1 0 _aTrwałość, niezawodność, funkcjonalność wyrobów przemysłowych /
_cR. Langlois-Berthelot ; tłumaczenie Edward Kościelecki.
246 1 _iTytuł oryginału:
_aDurée de vie, fiabilité, disponibilité des matérieles
260 _aWarszawa :
_bWydawnictwa Naukowo-Techniczne,
_c1972.
300 _a174, [2] strony :
_bilustracje ;
_c24 cm.
336 _aTekst
_btxt
_2rdacontent
337 _aBez urządzenia pośredniczącego
_bn
_2rdamedia
338 _aWolumin
_bnc
_2rdacarrier
380 _aKsiążki
388 _a1901-2000
490 1 _aProblemy i Metody Techniki
504 _aIndeks.
650 7 _aWyroby przemysłowe
650 7 _aJakość produktu
650 7 _aKontrola jakości
658 _aInżynieria i technika
700 1 _aKościelecki, Edward
_eTłumaczenie
710 2 _aWydawnictwa Naukowo-Techniczne
_4pbl
830 0 _aProblemy i Metody Techniki
856 _uhttp://koha.tu.koszalin.pl/cgi-bin/koha/opac-detail.pl?biblionumber=14297
_yKatalog online BPK
942 _2UKD
_cKS
999 _c14297
_d14297